लालन शाह फ़क़ीर; (Record no. 201309)

MARC details
000 -LEADER
fixed length control field 00887nam a22001937a 4500
005 - DATE AND TIME OF LATEST TRANSACTION
control field 20240313142409.0
010 ## - LCCN (DPL NO)
LC control number HIN-127046
020 ## - INTERNATIONAL STANDARD BOOK NUMBER
International Standard Book Number 978939367962
Terms of availability 185.00
035 ## - SYSTEM CONTROL NUMBER
System control number HN-99392
037 ## - SOURCE OF ACQUISITION
Source of stock number/acquisition DBAD/PUB
082 ## - DEWEY DECIMAL CLASSIFICATION NUMBER
Classification number 821
245 ## - TITLE STATEMENT
Title लालन शाह फ़क़ीर;
Remainder of title कालजयी कवि और उनका काव्य लालन शाह फ़क़ीर/
Statement of responsibility, etc माधव हांडा द्वारा सम्पादित
250 ## - EDITION STATEMENT
Edition statement 1
260 ## - PUBLICATION, DISTRIBUTION, ETC. (IMPRINT)
Place of publication, distribution, etc दिल्ली
Name of publisher, distributor, etc राजपाल एंड संस
Date of publication, distribution, etc 2024
270 ## - ADDRESS
Address 1590 मदरसा रोड कश्मीरी गेट
City दिल्ली
Postal code 110006
300 ## - PHYSICAL DESCRIPTION
Extent 126पृष्ठ;
Dimensions 22सेमी(अजिल्द)
710 ## - ADDED ENTRY--CORPORATE NAME
Corporate name or jurisdiction name as entry element माधव हांडा
Relator term सम्पादक
9 (RLIN) 62972
942 ## - ADDED ENTRY ELEMENTS (KOHA)
Source of classification or shelving scheme Dewey Decimal Classification
Item type Hindi Books
Classification part 821
Call number suffix लालन
Holdings
Withdrawn status Lost status Not for loan Collection code Home library Current library Date acquired Source of acquisition Cost, normal purchase price Full call number Barcode Copy number Cost, replacement price Koha item type
    Not For Loan Non-fiction Tri Nagar Tri Nagar 07/03/2024 DBAD/PUB 185.00 821 लालन HN-99392 1 185.00 Hindi Books

© Delhi Public Library
Hit Counter
free hit counter